| 000 | 00857 a2200193 4500 | ||
|---|---|---|---|
| 003 | Nust | ||
| 005 | 20221124133806.0 | ||
| 040 | _cNust | ||
| 082 | _a515.723, SPI | ||
| 100 |
_aMurray R Spiegel _91183 |
||
| 245 |
_aTheory and Problems of Laplace Transforms _cMurray R Spiegel |
||
| 260 |
_aNew York _bSchaum Pub _c1965 |
||
| 300 | _a259p | ||
| 440 |
_aSchaum's outline of _9103504 |
||
| 505 | _aThe Laplace Transform (Page-1), The Inverse Laplace Transform (Page-42), Applications to Differential Equations (Page-78), Applications to Integral and Difference Equations (Page-112), Complex Variable Theory (Page-136), Fourier Series and Integrals (Page-173), The Complex Inversion Formula (Page-201), Applications to Boundary-Value Problems (Page-219). | ||
| 600 |
_aMurray R Spigel _9103505 |
||
| 650 |
_aLaplace Transforms _9103506 |
||
| 942 |
_2ddc _cBK |
||
| 999 |
_c181996 _d181996 |
||